| 000 | 00549nam a2200205Ia 4500 | ||
|---|---|---|---|
| 008 | 170918s9999 xx 000 0 und d | ||
| 020 | _a9780545271516 | ||
| 050 | _bW362 2005 | ||
| 100 | _aWeatherford, Carole Boston | ||
| 245 | _aFreedom on the menu : | ||
| 245 | _bthe green boro sit-ins / | ||
| 245 | _cby Carole Boston Weatherford ; painting by Jerome Lagarrigue. | ||
| 260 | _aNew York : | ||
| 260 | _bScholastic, | ||
| 260 | _c2005 | ||
| 300 | _aunpaged : | ||
| 300 | _bcolored illustration ; | ||
| 300 | _c23cm. | ||
| 500 | _a660 | ||
| 999 |
_c342789 _d342789 |
||